000 00684nam a2200289Ia 4500
005 20260324142041.0
008 008 260324s9999 xx 000 0 eng d
020 _a9780203786628
037 _aEBOOK
040 _aCRL
040 _beng
040 _cCRL
041 _2eng
041 _aeng
084 _qCRL
100 _aJeff Ferrell
_91210496
245 0 _aMaking Trouble
245 0 _bCultural Constraints of Crime, Deviance, and Control
260 _bTaylor and Francis
260 _c1996
365 _a
365 _b230
856 _uhttp://www.taylorfrancis.com/books/9780203786628
942 _cEBOOK
999 _c1814245
_d1814245